000 00848nam a2200253Ia 4500
003 GCL
008 140319s9999 xx 000 0 ara d
040 _aGCL /
_cGCL
082 0 4 _a791.43
_bك ت
100 1 _aكاسبيار، الان
245 1 0 _aالتذوق السينمائى /
_cكاسبيار، الان
700 1 _aوداد عبد الله
700 1 _aهاشم النحاس
260 _a[S.N] :
_bالهيئة المصرية العامة للكتاب ،
_c1989
300 _a218 ص
490 _aالالف كتاب الثانى
_v0
650 0 4 _aالات التصوير
650 0 4 _aالافلام السينمائية
650 0 4 _aالاخراج السينمائى
650 0 4 _aالتصوير السينمائى
650 0 4 _aالانتاج السينمائى
650 0 4 _aتاريخ ونقد
942 _2ddc
_cBK
999 _c28255
_d28255